Statistics for History Groups of Three

Click here to take the quiz!

General Stats

  • This quiz has been taken 293 times
  • The average score is 30 of 60

Answer Stats

Answer% Correct
Mecca
95%
Winston Churchill
91%
Washington D.C.
89%
Anne
88%
Franklin D. Roosevelt
87%
Joseph Stalin
83%
New York City
77%
Santa Maria
77%
Jerusalem
76%
Julius Caesar
75%
Medina
74%
Catherine
73%
Corsica
71%
Elba
71%
Pinta
71%
Niña
68%
Jane
67%
Philadelphia
66%
Octavian
63%
Slovakia
62%
Czech Republic
61%
Ego
61%
Liberté
60%
Fraternité
58%
Saint Helena
58%
Luciano Pavarotti
57%
Id
56%
Poland
56%
Inferno
55%
Super-ego
52%
Mark Antony
50%
Germany
49%
Italy
48%
Japan
46%
Clergy
45%
Égalité
44%
Doric
43%
Corinthian
41%
Purgatorio
39%
Ireland
38%
Nobility
38%
Ionian
37%
Paradiso
35%
Plácido Domingo
34%
Ham
31%
People
29%
Shem
29%
Cheops
27%
Pompey the Great
26%
Marcus Crassus
25%
José Carreras
24%
Zimbabwe
23%
Serbs
20%
Croats
19%
Japheth
19%
Marcus Lepidus
17%
Slovenes
15%
Chephren
9%
Maldives
3%
Menkaure
3%

Score Distribution

Percentile by Number Answered

Percent of People with Each Score

Your Score History

You have not taken this quiz